000 00299nam a22001337a 4500
008 170424b xxu||||| |||| 00| 0 eng d
020 _a9780130874801
041 _aeng
080 _29TH
_a54
100 _a12
101 _aSHM
245 _aCHEMISTRY FOR CHANGING TIMES
_cKARR, P
942 _2udc
_cBK
999 _c11736
_d11736